000 00481nab a2200145Ia 4500
003 ES-SlBCS
005 20210601124533.0
008 140529s1976 xxu||||| |||| 00| 0 eng d
041 _aeng
100 1 _aKruks, Sonia
_9144204
245 0 0 _aMerleau-Ponty, Hegel and the Dialectic
_c Sonia Kruks
600 1 _aMerleau Ponty, Maurice-Hegel
_9144205
773 0 _tJbsp (Journal of the British Society for Phenomenology, The)
_gvol. 7, nº. 2, 1976, págs. 96-110
_wRev1653
942 _cAR
999 _c516370
_d516370